Minoli-Cordovana's Authoritative Computer & Network Security Dictionary (Record no. 5884)

MARC details
005 - DATE AND TIME OF LATEST TRANSACTION
control field 20250628084516.0
020 ## - INTERNATIONAL STANDARD BOOK NUMBER
International Standard Book Number 0471782637
082 ## - DEWEY DECIMAL CLASSIFICATION NUMBER
Classification number 005.8003 MIN
245 ## - TITLE STATEMENT
Title Minoli-Cordovana's Authoritative Computer & Network Security Dictionary
260 ## - PUBLICATION, DISTRIBUTION, ETC.
Place of publication, distribution, etc. New York
Name of publisher, distributor, etc. John Wiley & Sons,Ltd,
Date of publication, distribution, etc. 2006
300 ## - PHYSICAL DESCRIPTION
Extent xii,443p.
Other physical details Index
Dimensions 25cm.
700 ## - ADDED ENTRY--PERSONAL NAME
Other authors/Editors CORDOVANA, J.
942 ## - ADDED ENTRY ELEMENTS (KOHA)
Source of classification or shelving scheme Dewey Decimal Classification
Koha item type Books
Holdings
Date last seen Total checkouts Full call number Barcode Cost, replacement price Price effective from Koha item type Lost status Source of classification or shelving scheme Damaged status Not for loan Withdrawn status Home library Current library Shelving location Date acquired Source of acquisition Cost, normal purchase price
06/28/2025   005.8003 MIN DOM0002124 60000.00 06/28/2025 Books   Dewey Decimal Classification       CBE Dodoma CBE Dodoma General Collection 01/07/2008 Library budget 20000.00
06/28/2025   005.8003 MIN DOM0002459 60000.00 06/28/2025 Books   Dewey Decimal Classification       CBE Dodoma CBE Dodoma General Collection 01/07/2008 Library budget 20000.00